| Tag |
First Indicator |
Second Indicator |
Subfields |
| LEADER |
00000cam a2200000 a 4500 |
| 001 |
in00001402021 |
| 005 |
20151020053016.0 |
| 008 |
971029s1997 txu b s000 0 eng d |
| 035 |
|
|
|a (OCoLC)37863280
|
| 035 |
|
|
|9 AHM6702AM
|
| 040 |
|
|
|a IKM
|c IKM
|d TXA
|d UtOrBLW
|
| 049 |
|
|
|a TXAO
|
| 086 |
|
|
|a Z TA245.7 B873 NO.6064
|2 txdocs
|
| 100 |
1 |
|
|a Sprott, L. R.
|q (Lesly Ray)
|
| 245 |
1 |
0 |
|a Bull management for cow/calf producers /
|c L.R. Sprott, B.B. Carpenter, and T.A. Thrift.
|
| 264 |
|
1 |
|a College Station, Tex. :
|b Texas Agricultural Extension Service, Texas A&M University System,
|c [1997]
|
| 300 |
|
|
|a 7 pages :
|b illustrations ;
|c 28 cm.
|
| 336 |
|
|
|a text
|b txt
|2 rdacontent
|
| 337 |
|
|
|a unmediated
|b n
|2 rdamedia
|
| 338 |
|
|
|a volume
|b nc
|2 rdacarrier
|
| 490 |
0 |
|
|a B ;
|v -6064
|
| 500 |
|
|
|a Caption title.
|
| 500 |
|
|
|a "B-6064."
|
| 504 |
|
|
|a Includes bibliographical references (page 7).
|
| 650 |
|
0 |
|a Bulls
|z Texas.
|
| 650 |
|
0 |
|a Cattle
|z Texas.
|
| 700 |
1 |
|
|a Carpenter, Bruce Bryan,
|d 1960-
|
| 700 |
1 |
|
|a Thrift, Todd Aaron,
|d 1968-
|
| 710 |
2 |
|
|a Texas Agricultural Extension Service.
|
| 999 |
|
|
|a MARS
|
| 999 |
f |
f |
|s 73292012-8001-3535-906b-61a06dc21575
|i 25e3d7d0-f17b-31e9-b6ed-f21fc7d08691
|t 0
|
| 952 |
f |
f |
|p normal
|a Texas A&M University
|b College Station
|c Sterling C. Evans Library
|d Evans: Texas Documents (Annex 5th floor)
|t 0
|e Z TA245.7 B873 NO.6064
|h Superintendent of Documents classification
|i unmediated -- volume
|m A14837572116
|
| 998 |
f |
f |
|a Z TA245.7 B873 NO.6064
|t 0
|l Evans: Texas Documents (Annex 5th floor)
|